Blackest Counties by State - Statistics

General Stats
  • This quiz has been taken 18 times
  • The average score is 40 of 100
Answer Stats
Hint Answer % Correct
California (Total) Los Angeles
79%
Alaska (Total) Anchorage
71%
Alabama (Total) | Kentucky (Total) | Texas (Percent) Jefferson
71%
Washington (Total) King
71%
New York (Total) Kings
71%
Arizona (Percent) | Arizona (Total) Maricopa
71%
Illinois (Total) Cook
64%
Ohio (Percent) | Ohio (Total) Cuyahoga
64%
Georgia (Total) | Kentucky (Percent) Fulton
64%
Texas (Total) Harris
64%
Pennsylvania (Percent) | Pennsylvania (Total) Philadelphia
64%
Missouri (Total) St Louis
64%
Michigan (Percent) | Michigan (Total) Wayne
64%
Nevada (Percent) | Nevada (Total) Clark
57%
North Carolina (Total) Mecklenberg
57%
Wisconsin (Percent) | Wisconsin (Total) Milwaukee
57%
Oklahoma (Total) Oklahoma
57%
Maryland (Percent) Prince George's
57%
Florida (Total) Broward
50%
Hawai'i (Percent) | Hawai'i (Total) Honolulu
50%
Indiana (Percent) | Indiana (Total) Marion
50%
Utah (Percent) | Utah (Total) Salt Lake
50%
Massachusetts (Percent) | Massachusetts (Total) Suffolk
50%
Idaho (Total) Ada
43%
Maine (Total) Cumberland
43%
Connecticut (Percent) | Connecticut (Total) Hartford
43%
Minnesota (Percent) | Minnesota (Total) Hennepin
43%
Delaware (Percent) Kent
43%
Delaware (Total) New Castle
43%
Louisiana (Total) Orleans
43%
Maryland (Total) Prince George's
43%
Arkansas (Total) Pulaski
43%
Tennessee (Percent) | Tennessee (Total) Shelby
43%
New York (Percent) Westchester
43%
New Mexico (Total) Bernalillo
36%
New Jersey (Percent) | New Jersey (Total) Essex
36%
Virginia (Total) Fairfax
36%
Oregon (Percent) | Oregon (Total) Multnomah
36%
Iowa (Total) Polk
36%
Rhode Island (Percent) | Rhode Island (Total) Providence
36%
Colorado (Percent) | Colorado (Total) Arapahoe
29%
North Dakota (Percent) | North Dakota (Total) Cass
29%
New Hampshire (Percent) | New Hampshire (Total) Hillsborough
29%
Mississippi (Total) Hinds
29%
West Virginia (Total) Kanawha
29%
Wyoming (Percent) | Wyoming (Total) Laramie
29%
Alabama (Percent) Macon
29%
Virginia (Percent)` Petersburg
29%
Washington (Percent) Pierce
29%
South Carolina (Total) Richland
29%
California (Percent) Solano
29%
Illinois (Percent) Alexander
21%
Maine (Percent) Androscoggin
21%
North Carolina (Percent) Bertie
21%
Iowa (Percent) Black Hawk
21%
Vermont (Percent) | Vermont (Total) Chittenden
21%
Georgia (Percent) Clayton
21%
New Mexico (Percent) Curry
21%
Louisiana (Percent) East Carroll
21%
Florida (Percent) Gadsden
21%
South Dakota (Percent) | South Dakota (Total) Minnehaha
21%
Kansas (Total) Sedgwick
21%
Missouri (Percent) St Louis City
21%
Kansas (Percent) Wyandotte
21%
Montana (Total) Yellowstone
21%
South Carolina (Percent) Allendale
14%
Mississippi (Percent) Claiborne
14%
Nebraska (Percent) | Nebraska (Total) Douglas
14%
Idaho (Percent) Elmore
14%
Arkansas (Percent) Phillips
14%
Oklahoma (Percent) Comanche
7%
Alaska (Percent) Aleutians East Borough
0%
Montana (Percent) Cascada
0%
West Virginia (Percent) Gilmer
0%
No matching quizzes found
Score Distribution
Percent of People with Each Score
Percentile by Number Answered
Your Score History
You have not taken this quiz